Questionnaire design and administration /

Đã lưu trong:
Chi tiết về thư mục
Tác giả chính: Spiegel, Murray R.
Định dạng: Sách
Ngôn ngữ:English
Được phát hành: Brisbane : John Wiley and Sons, 2000.
Những chủ đề:
Các nhãn: Thêm thẻ
Không có thẻ, Là người đầu tiên thẻ bản ghi này!
Thư viện lưu trữ: Mạng thư viện Đại học Đà Nẵng
LEADER 00823cam a2200325 i 4500
001 000045061
003 4178
005 20030411143705.0
008 010220|2000 vm 000 eng
040 |a IRC  |c IRC  |d IRC 
041 0 |a eng 
082 1 4 |a 001.433  |b SP-M 
100 1 |a Spiegel, Murray R. 
245 0 0 |a Questionnaire design and administration /  |c Murray R. Spiegel. 
260 |a Brisbane :  |b John Wiley and Sons,  |c 2000. 
300 |a vii, 119 p. 
630 0 4 |a Questionnaire. 
630 0 4 |a Administration. 
650 0 4 |a Questionnaire design. 
650 0 4 |a Questionnaire. 
OWN |a DUT 
999 |a From the UDN01 
TYP |a Monograph 
TYP |a Printed language 
980 |a Mạng thư viện Đại học Đà Nẵng